00757nam a2200253Ia 4500008004100000020002200041050002000063050002200083100002000105245005000125245004000175245003900215260001600254260003600270260000900306300001800315300001100333300001100344440002700355650002200382650004200404650003700446650002000483160901s9999 xx 000 0 und d a978-128-5113-06-7 aComSc HF 5548.4 b.M525S54 2012 c.1 aShelly, Gary B. aMicrosoft Word, Excel and PowerPoint 2010 :  bessential concepts and techniques / cGary B. Shelly, Misty E. Vermaat.. aSingapore : bCengage Learning Asia Pte Ltd., c2012 aQR 26 pages : bill. ; c25 cm. aShelly Cashman Series. aMicrosoft Office. aMicrosoft PowerPoint (Computer file). xMicrosoft Excel (Computer file). xMicrosoft Word.